<?xml version="1.0" encoding="UTF-8"?>
<record
    xmlns:xsi="http://www.w3.org/2001/XMLSchema-instance"
    xsi:schemaLocation="http://www.loc.gov/MARC21/slim http://www.loc.gov/standards/marcxml/schema/MARC21slim.xsd"
    xmlns="http://www.loc.gov/MARC21/slim">

  <leader>03647cam a22004817  4500</leader>
  <controlfield tag="001">t9g67gv2r7rm9d4g</controlfield>
  <controlfield tag="003">LIBRIS</controlfield>
  <controlfield tag="005">20231018065335.0</controlfield>
  <controlfield tag="008">230302s2022    xxk|||||||||||000 0|eng|d</controlfield>
  <datafield tag="015" ind1=" " ind2=" ">
    <subfield code="a">GBC2A2530</subfield>
    <subfield code="2">bnb</subfield>
  </datafield>
  <datafield tag="016" ind1="7" ind2=" ">
    <subfield code="a">020640962</subfield>
    <subfield code="2">Uk</subfield>
  </datafield>
  <datafield tag="020" ind1=" " ind2=" ">
    <subfield code="a">9780500025307</subfield>
  </datafield>
  <datafield tag="020" ind1=" " ind2=" ">
    <subfield code="a">0500025304</subfield>
  </datafield>
  <datafield tag="035" ind1=" " ind2=" ">
    <subfield code="a">(OCoLC)on1329224823</subfield>
  </datafield>
  <datafield tag="040" ind1=" " ind2=" ">
    <subfield code="a">Laib</subfield>
    <subfield code="b">eng</subfield>
    <subfield code="c">ERASA</subfield>
    <subfield code="d">UKMGB</subfield>
    <subfield code="d">OCLCF</subfield>
    <subfield code="d">NZAUC</subfield>
    <subfield code="d">NETUE</subfield>
    <subfield code="d">Laib</subfield>
  </datafield>
  <datafield tag="041" ind1=" " ind2=" ">
    <subfield code="a">eng</subfield>
  </datafield>
  <datafield tag="050" ind1=" " ind2="4">
    <subfield code="a">NA680</subfield>
  </datafield>
  <datafield tag="082" ind1="0" ind2="4">
    <subfield code="a">720.47 B22 2022</subfield>
    <subfield code="2">23/swe</subfield>
  </datafield>
  <datafield tag="084" ind1=" " ind2=" ">
    <subfield code="a">Ic</subfield>
    <subfield code="2">kssb/8 (machine generated)</subfield>
  </datafield>
  <datafield tag="100" ind1="1" ind2=" ">
    <subfield code="a">Bingham-Hall, Patrick.</subfield>
  </datafield>
  <datafield tag="245" ind1="1" ind2="0">
    <subfield code="a">WOHA. New forms of sustainable architecture /</subfield>
    <subfield code="c">Patrick Bingham-Hall; essays by Nirmal Kishnani and Timothy Beatley.</subfield>
  </datafield>
  <datafield tag="264" ind1=" " ind2="1">
    <subfield code="a">London :</subfield>
    <subfield code="b">Thames &amp; Hudson Ltd.</subfield>
    <subfield code="c">2022</subfield>
  </datafield>
  <datafield tag="300" ind1=" " ind2=" ">
    <subfield code="a">319 p.</subfield>
    <subfield code="b">illustrated</subfield>
    <subfield code="c">28 cm.</subfield>
  </datafield>
  <datafield tag="336" ind1=" " ind2=" ">
    <subfield code="a">text</subfield>
    <subfield code="b">txt</subfield>
    <subfield code="2">rdacontent</subfield>
  </datafield>
  <datafield tag="336" ind1=" " ind2=" ">
    <subfield code="a">still image</subfield>
    <subfield code="b">sti</subfield>
    <subfield code="2">rdacontent</subfield>
  </datafield>
  <datafield tag="337" ind1=" " ind2=" ">
    <subfield code="a">unmediated</subfield>
    <subfield code="b">n</subfield>
    <subfield code="2">rdamedia</subfield>
  </datafield>
  <datafield tag="338" ind1=" " ind2=" ">
    <subfield code="a">volume</subfield>
    <subfield code="b">nc</subfield>
    <subfield code="2">rdacarrier</subfield>
  </datafield>
  <datafield tag="505" ind1="8" ind2=" ">
    <subfield code="a">Virtuous architecture -- Wong Mum Summ and Richard Hassell -- WOHA's residential architecture: rigour and certitude -- WOHA at the turn of the millennium -- Sky cities and towers of green -- A new way of building in the Tropics: the first decade of public architecture -- Aesthetics and sustainability -- Macro-architecture micro-urbanism -- Building for the world: a second decade of public architecture -- Garden City mega city: rethinking cities for the age of global warming -- Scaling up and up: designing cities of the future -- Regenerating cities -- Converge + connect + intersect. The Form Axiom / Nirmal Kishani -- Buildings that bloom, cities that regenerate and flourish / Timothy Beatley -- Projects.</subfield>
  </datafield>
  <datafield tag="520" ind1="8" ind2=" ">
    <subfield code="a">WOHA is at the vanguard of urban and ecological revitalization in Singapore and a pioneer of Southeast Asia's green-building revolution. Founded by Wong Mun Summ and Richard Hassell in 1994, Singapore's most dynamic architecture studio is known for delivering innovative and sustainable design solutions to combat the challenges of climate change, biodiversity loss, and urbanization. 00Even within Singapore's leading-edge architecture scene, WOHA have broken new ground, and they are continuing to do so in our rapidly expanding cities where far-sighted thinking is imperative to sustainable and sociable development. Its projects stretch from Singapore to Bangladesh, China and Australia, where the practice's ambitions are being realized in works like the self-sufficient Punggol Digital District in Singapore.00This complete overview documents WOHA's pioneering sustainable and built work, with important ongoing projects followed by a listed chronology. It is a timely assessment of the practical realization of WOHA's theories and principles, and the environmental responsibilities now shouldered by architects and urban planners worldwide.</subfield>
  </datafield>
  <datafield tag="610" ind1="2" ind2="0">
    <subfield code="a">WOHA (Firm)</subfield>
  </datafield>
  <datafield tag="610" ind1="2" ind2="7">
    <subfield code="a">WOHA (Firm)</subfield>
    <subfield code="2">fast</subfield>
  </datafield>
  <datafield tag="650" ind1=" " ind2="7">
    <subfield code="a">Architecture -- Environmental aspects -- Case studies | Sustainable development</subfield>
    <subfield code="x">milj&#xFFFD;aspekter</subfield>
    <subfield code="0">https://id.kb.se/term/sao/Arkitektur--milj%C3%B6aspekter</subfield>
    <subfield code="2">sao</subfield>
    <subfield code="z">Sustainable development</subfield>
  </datafield>
  <datafield tag="650" ind1=" " ind2="0">
    <subfield code="a">Sustainable architecture</subfield>
    <subfield code="z">Singapore.</subfield>
  </datafield>
  <datafield tag="650" ind1=" " ind2="7">
    <subfield code="a">Sustainable architecture.</subfield>
    <subfield code="2">fast</subfield>
  </datafield>
  <datafield tag="651" ind1=" " ind2="7">
    <subfield code="a">Singapore.</subfield>
    <subfield code="2">fast</subfield>
  </datafield>
  <datafield tag="700" ind1="1" ind2=" ">
    <subfield code="a">Kishnani, Nirmal.</subfield>
  </datafield>
  <datafield tag="700" ind1="1" ind2=" ">
    <subfield code="a">Beatley, Timothy.</subfield>
  </datafield>
  <datafield tag="887" ind1=" " ind2=" ">
    <subfield code="a">{"@id":"t9g67gv2r7rm9d4g","modified":"2023-03-02T12:57:26.966+01:00"}</subfield>
    <subfield code="2">librisxl</subfield>
  </datafield>
  <datafield tag="887" ind1=" " ind2=" ">
    <subfield code="a">{"@id":"r7d46154pv89833s","modified":"2023-03-08T10:27:42.665+01:00"}</subfield>
    <subfield code="2">librisxl</subfield>
  </datafield>
  <datafield tag="942" ind1=" " ind2=" ">
    <subfield code="2">ddc</subfield>
    <subfield code="c">BK-EN</subfield>
    <subfield code="n">0</subfield>
  </datafield>
  <datafield tag="999" ind1=" " ind2=" ">
    <subfield code="c">6192</subfield>
    <subfield code="d">6192</subfield>
  </datafield>
  <datafield tag="952" ind1=" " ind2=" ">
    <subfield code="0">0</subfield>
    <subfield code="1">0</subfield>
    <subfield code="2">ddc</subfield>
    <subfield code="4">0</subfield>
    <subfield code="7">0</subfield>
    <subfield code="a">CENTRAL</subfield>
    <subfield code="b">TUWAIQ</subfield>
    <subfield code="d">2023-10-18</subfield>
    <subfield code="l">0</subfield>
    <subfield code="o">720.47 B22 2022</subfield>
    <subfield code="p">1000000024731</subfield>
    <subfield code="r">2023-10-18 06:54:59</subfield>
    <subfield code="w">2023-10-18</subfield>
    <subfield code="y">BK-EN</subfield>
  </datafield>
</record>
